Top 5 Formula One Drivers Starting With 'E' - Statistics

General Stats
  • This quiz has been taken 34 times
  • The average score is 2 of 5
Answer Stats
Lp. Nationality Career Driver % Correct
1 Swedish 2014-2018 Marcus Ericsson
97%
2 Austrian 1975-1980 Harald Ertl
30%
3 British 1974-1977 Guy Edwards
10%
5 Canadian 1969-1971 George Eaton
7%
4 British 1968-1971 Vic Elford
7%
No matching quizzes found
Score Distribution
Percent of People with Each Score
Percentile by Number Answered
Your Score History
You have not taken this quiz